Plus Grandes Entreprises par Département Français - Statistiques

Statistiques générales
  • Ce quiz a été pris 16 fois
    14 depuis la dernière actualisation
  • Le résultat moyen est 6 sur 96
Statistiques - réponses
Hint Réponse % Correct
Haute Garonne AIRBUS
62%
Landes CENTRALE D'APPROVISIONNEMENT DES LANDES
46%
Haut Rhin PEUGEOT CITROEN MULHOUSE SNC
46%
Ille et Vilaine PEUGEOT CITROEN RENNES SNC
46%
Doubs PEUGEOT CITROEN SOCHAUX SNC
46%
Manche COOPERATIVE AGRICOLE LAITIERE ""LES MAITRES LAITIERS DU COTENTIN
38%
Corse CORSICA FERRIES
38%
Alpes Maritimes AUTOROUTE ESTEREL COTE AZUR PROVENCE ALP
31%
Lot RATIER-FIGEAC
31%
Corrèze BORGWARNER TRANSMISSION SYSTEMS TULLE
23%
Puy de Dôme MANUF FRANC PNEUMATIQ MICHELIN
23%
Outre-Mer SA DE LA RAFFINERIE DES ANTILLES
23%
Charente Maritime AIRBUS ATLANTIC
15%
Saône et Loire ALGECO
15%
Loire DISTRIBUTION CASINO FRANCE
15%
Nord AUCHAN HYPERMARCHE
8%
Bouches du Rhône CMA CGM
8%
Paris ELECTRICITE DE FRANCE
8%
Mayenne GROUPE LACTALIS
8%
Cotes d'Armor KERMENE
8%
Pas de Calais ROQUETTE FRERES
8%
Sarthe SOCAMAINE
8%
Aveyron SOC CAVES PRODUCTEURS REUNIS ROQUEFORT
8%
Eure APTAR FRANCE SAS
0%
Meuse ARCELORMITTAL CONSTRUCTION FRANCE
0%
Finistère BOLLORE ENERGY
0%
Val d'Oise BP FRANCE
0%
Essonne CARREFOUR HYPERMARCHES
0%
Ain CARRIER
0%
Gironde CDISCOUNT
0%
Somme CEREMIS
0%
Eure-et-Loir CLAAS FRANCE
0%
Loire Atlantique COLAS CENTRE OUEST
0%
Jura COLRUYT RETAIL FRANCE
0%
Seine Maritime COMPAGNIE D'EXPLOITATION ET DE REPARTITION PHARMACEUTIQUES DE RO
0%
Ardèche CONDUENT BUSINESS SOLUTIONS (FRANCE) SAS
0%
Territoire de Belfort CONFRATERNELLE D'EXPLOITATION ET DE REPARTITION PHARMACEUTIQUE R
0%
Seine et Marne CORA
0%
Calvados CSF
0%
Indre et Loire CTRE SEMENCE UNION COOPERATIVE AGRICOLE
0%
Herault DELL
0%
Loir-et-Cher DHA
0%
Pyrénées Orientales DIPA
0%
Oise DISTRIBUTION SANITAIRE CHAUFFAGE
0%
Hautes Pyrénées EURALIS GASTRONOMIE
0%
Yonne EURIAL ULTRA FRAIS
0%
Haute Saône EUROSERUM
0%
Nièvre FPT POWERTRAIN TECHNOLOGIES FRANCE
0%
Vosges FTRECAL
0%
Lot et Garonne GIFI MAG
0%
Vaucluse GSE
0%
Ariège IMERYS TALC LUZENAC FRANCE
0%
Indre INTERNATIONAL COOKWARE
0%
Loiret JOHN DEERE SAS
0%
Alpes de Haute-Provence LABORATOIRES M&L
0%
Var LECLERC APPROVIONNEMENT SUD
0%
Haute Vienne LEGRAND SNC
0%
Haute Loire LEYGATECH
0%
Cantal MATIERE
0%
Marne M H C S
0%
Bas Rhin MILLIPORE
0%
Ardennes PEUGEOT CITROEN MECANIQUE DE L'EST
0%
Creuse PICOTY
0%
Tarn et Garonne PRO A PRO DISTRIBUTION SUD
0%
Yvelines PSA AUTOMOBILES SA
0%
Hauts de Seine RENAULT SAS
0%
Rhône RENAULT TRUCKS
0%
Gard ROYAL CANIN SAS
0%
Pyrénées Atlantiques SAFRAN HELICOPTER ENGINES
0%
Allier SCACENTRE
0%
Maine et Loire SCANIA FRANCE
0%
Vendée SCHENKER FRANCE
0%
Tarn SCOPELEC
0%
Seine St Denis SNCF VOYAGEURS
0%
Orne S N V
0%
Dordogne SOBEVAL
0%
Aude SOCIETE COOPERATIVE AGRICOLE ARTERRIS
0%
Gers SOCIETE COOPERATIVE AGRICOLE VIVADOUR
0%
Val de Marne SOCIETE D'IMPORTATION LECLERC
0%
Lozère SOCIETE FROMAGERE DU MASSEGROS
0%
Charente SOCIETE JAS HENNESSY & CO
0%
Moselle SOCIETE MECANIQUE AUTOMOBILE DE L'EST
0%
Meurthe et Moselle SOCIETE VEHICULES AUTOMOBILES BATILLY
0%
Haute Savoie SOPRA STERIA GROUP
0%
Vienne SOREGIES
0%
Aube SOUFFLET NEGOCE
0%
Isère STEDIS
0%
Hautes Alpes SUDALP II
0%
Cote D'or THEVENIN DUCROT DISTRIBUTION
0%
Morbihan UBISOFT ENTERTAINMENT
0%
Savoie UGITECH
0%
Deux Sèvres VAL' IANCE
0%
Aisne VOLKSWAGEN GROUP FRANCE
0%
Cher WILO INTEC
0%
Drome XPO DISTRIBUTION FRANCE
0%
Haute Marne YANMAR CONSTRUCTION EQUIPMENT EUROPE
0%
Aucun quiz correspondant
Distribution des résultats
% des personnes avec chaque résultat
Percentile par nombre de réponses
Votre historique - résultats
Vous n’avez pas pris ce quiz depuis la dernière actualisation